00362nam a2200109Ia 4500008004100000020001500041082001800056100001400074245008500088260007000173300000900243210430s9999 xx 000 0 und d a0975586017 a327.2 S8935 S aAnwar Dil aStrategy, Diplomacy, Humanity: life and work of Shabzada Yaqub-Khan /cAnwar Dil aIslamabadbIntercultural Forum Takshila Research Universityc2005 a396p